000 00663nam a2200205Ii 4500
003 JO-AjNU
008 230605s9999||||xx |||||||||||||| ||und||
040 _aJO-AjNU
_bara
_erda
_cJO-AjNU
041 _aara
050 1 4 _aBP144 1995
100 3 _aالمطرودي،عبد الرحمن بن ابراهيم,
_eauthor
_919112
245 0 0 _aالمحكم والمتشابه في القرآن العظيم
250 _aط1
264 3 1 _aد.م: المؤلف، 1995
300 _a126ص
336 _atext
_btxt
_2rdacontent
337 _aunmediated
_bn
_2rdamedia
338 _avolume
_bnc
_2rdacarrier
650 4 _aالقرآن- المحكم والمتشابه
_919113
999 _aA6239
_c9807
_d9807